000 00319nam a2200133Ia 4500
008 190216s9999||||xx |||||||||||||| ||und||
100 _aJeffrey O Ullman
245 0 _aPrinciples Of Database Systems
250 _a1st Ed.
260 _bGalgotia Publication Pvt Ltf
300 _a484
650 _aComputer
942 _cBK
999 _c8406
_d8406